000 01587nam0a2200337 4500
001 RU\NLR\b_ik\104641
005 20250616225201.0
010 _a5-288-02881-8
_9300
035 _a(NLR Aleph) 002178487
090 _a2750547
_c2750547
100 _a20031223d2003 |||y0rusy50 ca
101 0 _ascc
_drus
102 _aRU
105 _ay |||||||||
200 1 _aСрпска поезиjа и проза ХХ века
_dСербская поэзия и проза ХХ века
_eХрестоматиjа
_f[С.-Петерб. гос. ун-т]
_gСаст. Светлана В. Заjцева и др.
_zrus
210 _aСПб.
_cИзд-во С.-Петерб. ун-та
_d2003
215 _a266, [1] с.
_d20
300 _aОбл. на рус. яз.
300 _aРез. и предисл. на рус. яз.
510 0 _aСербская поэзия и проза ХХ века
_zrus
512 1 _aСербская поэзия и проза ХХ века
541 0 _aСербская поэзия и проза 20в.Хрестоматия
_zrus
606 0 _aСербская литература
_jХрестоматии
_z20 в.
_91013422
_3RU\NLR\AUTH\6668506
606 0 _aСербскохорватский язык
_jХрестоматии
_91619442
_3RU\NLR\AUTH\661012645
686 4 _aШ5(4Ю)41я7-3
686 4 _aШ141.64-93рус хр
702 1 _aЗаjцева
_bС. В.
_gСветлана В.
_4220
801 0 _aRU
_bNLR
_c20031223
_gPSBO
942 _cBOOK
980 _aNB